000 00629nam a22002177a 4500
003 UA-OsUOA
001 38908
007 ta
008 20080228b un ||||| |||| 00| 0 ukr d
090 _a282
_bП27
942 _cBK
040 _aUA-OsUOA
_bukr
_cUA-OsUOA
_dUA-OsUOA
245 _aПерша Українська Католицька Митрополія в Канаді. 12 лютого 1957
300 _a183 с.
955 _a1
041 _aukr
080 _a282
260 _aВінніпег
_c1957
650 7 _a282 Римсько-католицька церква (Західна церква)
_2UDC
999 _c437420
_d437420